[Event "Ste-Foy 6 2024-25"]
[Site "Ste-Foy CAN"]
[Date "2025.07.07"]
[Round "2"]
[White "Page Fortin, Mathieu"]
[Black "Pinsonneault, Sebastien"]
[Result "1-0"]
[WhiteElo "1940"]
[BlackElo "1621"]
[WhiteFideId "-1"]
[WhiteFideId "-1"]
[PlyCount "69"]
[GameId "2201102213480470"]
[EventDate "2025.07.07"]
[EventType "swiss"]
[EventRounds "5"]
[EventCountry "CAN"]

1. b3 Nf6 2. Bb2 g6 3. Bxf6 exf6 4. c4 Bg7 5. Nc3 f5 6. Rc1 O-O 7. g3 Nc6 8. Bg2 Re8 9. e3 Nb4 10. d4 c5 11. Nge2 cxd4 12. Nxd4 Qa5 13. O-O a6 14. Qd2 Nc6 15. Rfd1 Nxd4 16. exd4 d6 17. Re1 Rf8 18. Qf4 Qd8 19. h4 h6 20. Rcd1 g5 21. hxg5 hxg5 22. Qf3 g4 23. Qe3 Rb8 24. c5 dxc5 25. dxc5 Qa5 26. Nd5 Be6 27. Ne7+ Kh7 28. Qg5 Bh6 29. Qh5 Rg8 30. Nxg8 Rxg8 31. Bd5 Rg5 32. Qh1 f4 33. Bxe6 fxe6 34. Rxe6 Rg6 35. Qe4 1-0

[Event "Ste-Foy 6 2024-25"]
[Site "Ste-Foy CAN"]
[Date "2025.07.07"]
[Round "2"]
[White "Sauve, Richard"]
[Black "Laurendeau, Alfred"]
[Result "1-0"]
[WhiteElo "1860"]
[BlackElo "1500"]
[WhiteFideId "-1"]
[WhiteFideId "-1"]
[PlyCount "53"]
[GameId "2201102213550104"]
[EventDate "2025.07.07"]
[EventType "swiss"]
[EventRounds "5"]
[EventCountry "CAN"]

1. d4 Nf6 2. c4 e6 3. Nf3 Bb4+ 4. Bd2 Qe7 5. g3 b6 6. Bg2 Bb7 7. O-O Bxd2 8. Qxd2 O-O 9. Nc3 a6 10. Rfe1 Ne4 11. Nxe4 Bxe4 12. Qf4 d5 13. cxd5 exd5 14. Rac1 c5 15. dxc5 bxc5 16. Nd2 Bxg2 17. Kxg2 Nd7 18. b3 f5 19. Nf3 Rf6 20. Qc7 Qd6 21. Qxd6 Rxd6 22. e3 Re8 23. Red1 h6 24. Nd2 Kf7 25. Nc4 Ree6 26. Nxd6+ Rxd6 27. h4 1-0

[Event "Ste-Foy 6 2024-25"]
[Site "Ste-Foy CAN"]
[Date "2025.07.14"]
[Round "2"]
[White "Arias Vitela, Derek"]
[Black "Oliver, Vance"]
[Result "0-1"]
[WhiteElo "1089"]
[BlackElo "1391"]
[WhiteFideId "-1"]
[WhiteFideId "-1"]
[PlyCount "122"]
[GameId "2201105245304631"]
[EventDate "2025.07.07"]
[EventType "swiss"]
[EventRounds "5"]
[EventCountry "CAN"]
[TimeControl "5400+30"]

1. d4 Nf6 2. e3 d5 3. Nf3 e6 4. Bd3 c5 5. c3 Nc6 6. Nbd2 cxd4 7. exd4 Be7 8. Ne5 O-O 9. O-O Nxe5 10. dxe5 Nd7 11. f4 Bc5+ 12. Kh1 f5 13. Nb3 Bb6 14. Qh5 Qe8 15. Qh4 Bd8 16. Qh3 b6 17. g4 g6 18. Rg1 Bb7 19. Nd4 Nc5 20. Bc2 Ne4 21. Be3 Qf7 22. gxf5 exf5 23. Rg2 Be7 24. Rag1 Bc8 25. Qh6 Bg5 26. fxg5 f4 27. e6 Bxe6 28. Nxe6 fxe3 29. Bxe4 Qxe6 30. Bd3 Rf3 31. b3 Rh3 32. c4 Rxh6 33. cxd5 Qxd5 34. Bc4 Qxc4 35. bxc4 Rh4 36. Re2 Re8 37. Rge1 Rhe4 38. Kg2 Rxc4 39. Kf3 Rc3 40. Rxe3 Rcxe3+ 41. Rxe3 Rxe3+ 42. Kxe3 Kf7 43. Kd4 Ke6 44. a4 a6 45. h3 Kd6 46. Ke4 b5 47. a5 b4 48. Kd4 b3 49. Kc3 Kc5 50. Kxb3 Kb5 51. Kc3 Kxa5 52. Kd4 Kb4 53. Ke5 a5 54. Kf6 a4 55. Kg7 a3 56. Kxh7 a2 57. Kxg6 a1=Q 58. h4 Kc5 59. h5 Kd6 60. h6 Ke7 61. Kh7 Kf8 0-1

[Event "Ste-Foy 6 2024-25"]
[Site "Ste-Foy CAN"]
[Date "2025.07.14"]
[Round "2"]
[White "Couture, Francois"]
[Black "Blais, Pierre-Luc"]
[Result "0-1"]
[WhiteElo "1176"]
[BlackElo "1469"]
[WhiteFideId "-1"]
[WhiteFideId "-1"]
[PlyCount "60"]
[GameId "2201105245927227"]
[EventDate "2025.07.07"]
[EventType "swiss"]
[EventRounds "5"]
[EventCountry "CAN"]
[TimeControl "5400+30"]

1. Nf3 d5 2. g3 Nf6 3. Bg2 c5 4. O-O Nc6 5. d4 Bg4 6. c4 Bxf3 7. Bxf3 Nxd4 8. Bg2 e6 9. Qa4+ Qd7 10. Qxd7+ Kxd7 11. e3 Nc2 12. Rd1 Nxa1 13. Rd2 Bd6 14. b3 Ne4 15. Bxe4 dxe4 16. Bb2 Nxb3 17. axb3 f6 18. Nc3 Kc6 19. Nxe4 Rad8 20. f4 Be7 21. Re2 Rd1+ 22. Kg2 Rhd8 23. Bc3 R1d3 24. b4 cxb4 25. Bd4 a5 26. Nf2 Ra3 27. Nd1 e5 28. fxe5 fxe5 29. Bxe5 Rxd1 30. Bxg7 b3 0-1

[Event "Ste-Foy 6 2024-25"]
[Site "Ste-Foy CAN"]
[Date "2025.07.14"]
[Round "2"]
[White "Houde, Louis-Thomas"]
[Black "Pepin, Pierre-Luc"]
[Result "1-0"]
[WhiteElo "1421"]
[BlackElo "1189"]
[WhiteFideId "-1"]
[WhiteFideId "-1"]
[PlyCount "140"]
[GameId "2201105245640505"]
[EventDate "2025.07.07"]
[EventType "swiss"]
[EventRounds "5"]
[EventCountry "CAN"]
[TimeControl "5400+30"]

1. e4 e6 2. d4 d5 3. exd5 exd5 4. Nf3 a6 5. Bd3 Nf6 6. Bg5 Bd6 7. Nbd2 O-O 8. O-O Nbd7 9. Re1 Re8 10. a3 b6 11. c4 dxc4 12. Bxc4 Bb7 13. Qb3 Rf8 14. Re2 b5 15. a4 Bxf3 16. Qxf3 bxc4 17. Rd1 Rb8 18. Nxc4 Re8 19. Rde1 h6 20. Bf4 Bb4 21. Rxe8+ Nxe8 22. Rd1 Qf6 23. Qg4 Nb6 24. Ne5 Rd8 25. b3 Bc3 26. Be3 Nd5 27. Rf1 Rb8 28. Nd7 Qd8 29. Nxb8 Qxb8 30. Qf5 Nef6 31. Qc2 Qe8 32. Qd3 Qe6 33. Bd2 Bxd2 34. Qxd2 Qb6 35. Rb1 Nb4 36. h3 Nc6 37. d5 Ne7 38. a5 Qb8 39. Qe2 Qb4 40. Qxa6 Nexd5 41. Qa8+ Qf8 42. Qxf8+ Kxf8 43. a6 Nb6 44. Rc1 Nfd5 45. Rc5 Ke7 46. a7 Kd6 47. Rc4 c5 48. Re4 Nc7 49. g4 Nb5 50. Ra4 Ke7 51. a8=Q Nxa8 52. Rxa8 Kd6 53. Rg8 Nd4 54. Rxg7 Nxb3 55. Rxf7 c4 56. Rf8 Kd5 57. f4 c3 58. Rc8 Kd4 59. Rd8+ Ke4 60. f5 c2 61. Rc8 Nd4 62. f6 Kd3 63. Kf2 Kd2 64. Kg3 c1=Q 65. Rxc1 Kxc1 66. Kf4 Ne6+ 67. Ke5 Nd8 68. Kd6 Nf7+ 69. Ke7 Nh8 70. f7 Ng6+ 1-0

[Event "Ste-Foy 6 2024-25"]
[Site "Ste-Foy CAN"]
[Date "2025.07.14"]
[Round "2"]
[White "Lebel, Michel"]
[Black "Cantin, Guillaume"]
[Result "0-1"]
[WhiteElo "1009"]
[BlackElo "1246"]
[WhiteFideId "-1"]
[WhiteFideId "-1"]
[PlyCount "64"]
[GameId "2201105242453809"]
[EventDate "2025.07.07"]
[EventType "swiss"]
[EventRounds "5"]
[EventCountry "CAN"]
[TimeControl "5400+30"]

1. e4 e6 2. Nf3 d5 3. e5 c5 4. d4 Nc6 5. c3 Qb6 6. Be2 cxd4 7. cxd4 Nge7 8. Nc3 Nf5 9. b3 Nfxd4 10. Be3 Nxf3+ 11. Bxf3 Qd8 12. O-O Nxe5 13. Bf4 Nxf3+ 14. Qxf3 Bd6 15. Nb5 Bb8 16. Rfe1 O-O 17. Bd2 Bd7 18. Nd4 Re8 19. g3 e5 20. Nc2 e4 21. Qe3 Bc6 22. Nd4 Be5 23. Rac1 Bxd4 24. Qxd4 Qb6 25. Qb2 Rad8 26. Be3 d4 27. Bg5 f6 28. Bf4 g5 29. Bd2 e3 30. fxe3 dxe3 31. Bxe3 Rxe3 32. Qxf6 Rxe1# 0-1

[Event "Ste-Foy 6 2024-25"]
[Site "Ste-Foy CAN"]
[Date "2025.07.14"]
[Round "2"]
[White "Lescarbeau, Martin"]
[Black "Michaud, Alexandre"]
[Result "1-0"]
[WhiteElo "1728"]
[BlackElo "1483"]
[WhiteFideId "-1"]
[WhiteFideId "-1"]
[PlyCount "39"]
[GameId "2201105246996287"]
[EventDate "2025.07.07"]
[EventType "swiss"]
[EventRounds "5"]
[EventCountry "CAN"]
[TimeControl "5400+30"]

1. e4 c5 2. Nf3 d6 3. c3 e5 4. d4 cxd4 5. cxd4 Bg4 6. Bb5+ Nd7 7. dxe5 Bxf3 8. Qxf3 dxe5 9. O-O a6 10. Ba4 Ngf6 11. Nc3 Bc5 12. Bg5 Qa5 13. Bxf6 gxf6 14. Qxf6 Rg8 15. Bxd7+ Kxd7 16. Qxf7+ Kc6 17. Qe6+ Bd6 18. Nd5 Rge8 19. Rfc1+ Kb5 20. Qxd6 1-0

[Event "Ste-Foy 6 2024-25"]
[Site "Ste-Foy CAN"]
[Date "2025.07.14"]
[Round "2"]
[White "Soubeyrand, Maxence"]
[Black "Simard, Rejean"]
[Result "1/2-1/2"]
[WhiteElo "1206"]
[BlackElo "1011"]
[WhiteFideId "-1"]
[WhiteFideId "-1"]
[PlyCount "89"]
[GameId "2201105242199855"]
[EventDate "2025.07.07"]
[EventType "swiss"]
[EventRounds "5"]
[EventCountry "CAN"]
[TimeControl "5400+30"]

1. d4 d6 2. e4 Nd7 3. Nf3 Ngf6 4. Nc3 e5 5. d5 h6 6. Bb5 Be7 7. O-O O-O 8. Be3 a6 9. Ba4 Ng4 10. Bd2 Nc5 11. Bb3 Nxb3 12. axb3 Bd7 13. h3 Nf6 14. Re1 Re8 15. Na4 Qc8 16. c4 Nh7 17. Nc3 f5 18. Bc1 Kh8 19. b4 b6 20. b3 Rf8 21. Nd2 g5 22. exf5 Bxf5 23. Qh5 Kg7 24. Nde4 Bg6 25. Qd1 Qd7 26. Bb2 Kg8 27. Qe2 Nf6 28. Nxf6+ Rxf6 29. Ne4 Rff8 30. Ra2 Qe8 31. Rea1 Bxe4 32. Qxe4 Rf4 33. Qc2 Qf7 34. Rxa6 Rf8 35. Rf1 h5 36. Bc1 Rf5 37. g3 Qg7 38. Be3 g4 39. h4 Bxh4 40. gxh4 g3 41. Ra8 gxf2+ 42. Kh2 Qg4 43. Rxf8+ Rxf8 44. Bxf2 Qf4+ 45. Kg2 1/2-1/2

[Event "Ste-Foy 6 2024-25"]
[Site "Ste-Foy CAN"]
[Date "2025.07.14"]
[Round "2"]
[White "Taran, Maksim"]
[Black "Tremblay, Noah"]
[Result "0-1"]
[WhiteElo "936"]
[BlackElo "1726"]
[WhiteFideId "-1"]
[WhiteFideId "-1"]
[PlyCount "108"]
[GameId "2201105246201661"]
[EventDate "2025.07.07"]
[EventType "swiss"]
[EventRounds "5"]
[EventCountry "CAN"]
[TimeControl "5400+30"]

1. e4 e5 2. Nf3 Nc6 3. Bc4 Nf6 4. c3 Nxe4 5. d4 exd4 6. Qe2 d5 7. Bd3 Qe7 8. Bxe4 dxe4 9. Nfd2 e3 10. fxe3 dxe3 11. Nf3 Bg4 12. O-O Ne5 13. Bxe3 Bxf3 14. Rxf3 Nxf3+ 15. Qxf3 O-O-O 16. Nd2 Qe6 17. Nb3 Bd6 18. Na5 c6 19. Bxa7 Bb8 20. Bxb8 Kxb8 21. Qg3+ Qd6 22. Qxd6+ Rxd6 23. Nc4 Re6 24. Rd1 Rhe8 25. Kf1 Rf6+ 26. Kg1 Re2 27. Rf1 Rxf1+ 28. Kxf1 Re6 29. a4 b5 30. axb5 cxb5 31. Na3 Re5 32. b4 Kc7 33. Nc2 Kd6 34. Nd4 Kd5 35. Nxb5 Ke4 36. Nd4 Kd3 37. b5 Kxc3 38. Nc6 Rxb5 39. Nd8 Kd3 40. h3 Ke3 41. Kg1 f5 42. Nf7 Rb1+ 43. Kh2 f4 44. Ng5 h6 45. Nf3 Rf1 46. Ng1 g5 47. Nf3 Rxf3 48. gxf3 Kxf3 49. Kg1 Ke2 50. Kg2 f3+ 51. Kg1 f2+ 52. Kg2 f1=Q+ 53. Kg3 Qf2+ 54. Kg4 Qf3# 0-1

[Event "Ste-Foy 6 2024-25"]
[Site "Ste-Foy CAN"]
[Date "2025.07.14"]
[Round "2"]
[White "Tremblay, Charles"]
[Black "Fahmi, Adam"]
[Result "0-1"]
[WhiteElo "1512"]
[BlackElo "1865"]
[WhiteFideId "-1"]
[WhiteFideId "-1"]
[PlyCount "72"]
[GameId "2201105247303489"]
[EventDate "2025.07.07"]
[EventType "swiss"]
[EventRounds "5"]
[EventCountry "CAN"]
[TimeControl "5400+30"]

1. d4 Nf6 2. Bf4 d5 3. Nf3 c5 4. e3 Nc6 5. Nbd2 Bf5 6. Be2 e6 7. O-O h6 8. c3 Bd6 9. Ne5 Qc7 10. Ndf3 O-O 11. Nxc6 Bxf4 12. exf4 bxc6 13. Ne5 Rab8 14. b3 Rfc8 15. Bd3 Ne4 16. Bxe4 Bxe4 17. dxc5 f6 18. Nd3 Bxd3 19. Qxd3 Qxf4 20. Qd4 Qc7 21. Rfe1 e5 22. Qd3 a5 23. Re3 Rb5 24. Rg3 Re8 25. Qg6 Kf8 26. Qh7 Qf7 27. Qd3 Rxc5 28. Qa6 Qc7 29. Qd3 Rb5 30. Rd1 Rbb8 31. Qh7 Qf7 32. Qd3 Rbd8 33. Qa6 Qc7 34. Qd3 e4 35. Qe3 Kg8 36. Qxh6 Qxg3 0-1

[Event "Ste-Foy 6 2024-25"]
[Site "Ste-Foy CAN"]
[Date "2025.07.14"]
[Round "2"]
[White "Voisard, Dominic"]
[Black "Fridmann, Clement"]
[Result "1-0"]
[WhiteElo "1848"]
[BlackElo "1437"]
[WhiteFideId "-1"]
[WhiteFideId "-1"]
[PlyCount "73"]
[GameId "2201105247647555"]
[EventDate "2025.07.07"]
[EventType "swiss"]
[EventRounds "5"]
[EventCountry "CAN"]
[TimeControl "5400+30"]

1. e4 c5 2. Nf3 d6 3. d4 cxd4 4. Nxd4 a6 5. c4 Nf6 6. Nc3 e6 7. Be2 Be7 8. Be3 Bd7 9. O-O Nc6 10. f4 Qc7 11. Qd2 h6 12. Rac1 Nh7 13. Nd5 exd5 14. cxd5 Rc8 15. dxc6 bxc6 16. Bxa6 Rb8 17. Nb5 Qd8 18. Nxd6+ Bxd6 19. Qxd6 Rxb2 20. Rfd1 Qe7 21. Qd4 Rxa2 22. Bc4 Ra8 23. Qxg7 Qf6 24. Bxf7+ Ke7 25. Bc5+ Kd8 26. Rxd7+ Kxd7 27. Qg4+ Kc7 28. f5 Qxf7 29. Qf4+ Kc8 30. Bd6 Qd7 31. e5 Ng5 32. e6 Nxe6 33. fxe6 Qxe6 34. Rxc6+ Kd8 35. Bc7+ Kd7 36. Rxe6 Kxe6 37. Qe5+ 1-0

[Event "Ste-Foy 6 2024-25"]
[Site "Ste-Foy CAN"]
[Date "2025.07.14"]
[Round "2"]
[White "Wafer, Jacques"]
[Black "Deschenes, Andre-Philippe"]
[Result "0-1"]
[WhiteElo "1356"]
[BlackElo "1145"]
[WhiteFideId "-1"]
[WhiteFideId "-1"]
[PlyCount "130"]
[GameId "2201105244657459"]
[EventDate "2025.07.07"]
[EventType "swiss"]
[EventRounds "5"]
[EventCountry "CAN"]
[TimeControl "5400+30"]

1. e4 e6 2. Nf3 d5 3. Nc3 Nf6 4. e5 Nfd7 5. d4 c5 6. Bb5 a6 7. Bxd7+ Bxd7 8. Ne2 cxd4 9. Nexd4 Nc6 10. O-O Nxd4 11. Nxd4 Bc5 12. Be3 Qb6 13. Rb1 O-O 14. c3 Qa7 15. Qg4 g6 16. Bg5 Rfe8 17. Bf6 h5 18. Qg5 Bf8 19. Rfe1 Kh7 20. Rbd1 Rac8 21. Rd3 Qb6 22. b3 Qa5 23. Qd2 Rc7 24. Nf3 Kg8 25. Bg5 Kh7 26. Rd1 Rec8 27. c4 Qxd2 28. R3xd2 Bc6 29. cxd5 Bxd5 30. Nd4 Bg7 31. Re2 Bf8 32. h3 Bc5 33. Nc2 Bxf2+ 34. Kxf2 Rxc2 35. Rxc2 Rxc2+ 36. Rd2 Rxd2+ 37. Bxd2 Kg7 38. g3 b5 39. Ke3 Kh6 40. Kd4+ Kg7 41. h4 f6 42. exf6+ Kxf6 43. Kc5 Kf5 44. Kb6 Kg4 45. Bf4 Kf5 46. Kxa6 e5 47. Bd2 Kg4 48. Be1 e4 49. Kxb5 e3 50. Kc5 Be6 51. Kd6 Bf7 52. b4 Bxa2 53. b5 Bc4 54. b6 Ba6 55. Kc7 Kf3 56. b7 Bxb7 57. Kxb7 Ke2 58. Bb4 Kf2 59. Bc5 Kf3 60. Bd4 e2 61. Bc3 Kf2 62. Bd4+ Kf1 63. Bc3 e1=Q 64. Bxe1 Kxe1 65. Kc6 Kf2 0-1

[Event "Ste-Foy 6 2024-25"]
[Site "Ste-Foy CAN"]
[Date "2025.07.14"]
[Round "2"]
[White "Yergeau, Samuel"]
[Black "Bergeron, Cedric"]
[Result "1-0"]
[WhiteElo "1376"]
[BlackElo "1169"]
[WhiteFideId "-1"]
[WhiteFideId "-1"]
[PlyCount "107"]
[GameId "2201105244854069"]
[EventDate "2025.07.07"]
[EventType "swiss"]
[EventRounds "5"]
[EventCountry "CAN"]
[TimeControl "5400+30"]

1. e4 e5 2. Nf3 Nf6 3. Nc3 Bc5 4. Nxe5 Nc6 5. Nxc6 dxc6 6. Bc4 Ng4 7. d4 Bxd4 8. Qf3 Bxf2+ 9. Kf1 O-O 10. Bd3 Qd4 11. h3 f5 12. exf5 Rxf5 13. Bxf5 Bxf5 14. hxg4 Bxc2 15. Rh3 Rf8 16. Qxf8+ Kxf8 17. Rf3+ Kg8 18. Rxf2 Bd3+ 19. Kg1 Qxg4 20. Bd2 b5 21. Re1 Qg6 22. a3 a5 23. Ne2 a4 24. Bb4 h5 25. Rf8+ Kh7 26. Nf4 Qg3 27. Ree8 Kh6 28. Bd2 Qg5 29. Rh8+ Bh7 30. Re6+ g6 31. Rxg6+ Qxg6 32. Nxg6+ Kxg6 33. Rc8 Kf5 34. Rxc7 Bg8 35. Rxc6 Bc4 36. Kf2 Ke4 37. Rc5 Kd3 38. Bc3 Kc2 39. Rxh5 Kd3 40. Re5 Kc2 41. g4 Kb3 42. g5 b4 43. Bxb4 Kxb2 44. g6 Bb3 45. g7 Kc2 46. Ra5 Kd3 47. Rxa4 Bxa4 48. g8=Q Kd4 49. Qg4+ Kd5 50. Qf5+ Kc4 51. Qc5+ Kb3 52. Ke3 Bd7 53. Kd2 Be6 54. Qc2# 1-0

[Event "Ste-Foy 6 2024-25"]
[Site "Ste-Foy CAN"]
[Date "2025.07.07"]
[Round "3"]
[White "Bergeron, Nicolas"]
[Black "Barrera, Eduardo"]
[Result "0-1"]
[WhiteElo "1661"]
[BlackElo "1945"]
[WhiteFideId "-1"]
[WhiteFideId "-1"]
[PlyCount "86"]
[GameId "2203113608275050"]
[EventDate "2025.07.07"]
[EventType "swiss"]
[EventRounds "5"]
[EventCountry "CAN"]

1. d4 d5 2. c4 e6 3. Nf3 Nf6 4. g3 Be7 5. Bg2 O-O 6. O-O dxc4 7. Qc2 c6 8. Qxc4 b5 9. Qb3 Nbd7 10. a4 b4 11. Rd1 Qa5 12. Nbd2 Ba6 13. Ne5 Nxe5 14. dxe5 Qxe5 15. Bxc6 Rac8 16. Bf3 Rfd8 17. Nf1 Nd5 18. Ne3 Nf6 19. Ng2 Rxd1+ 20. Qxd1 Bc5 21. Bf4 Qxb2 22. Rc1 Qd4 23. Be3 Qxd1+ 24. Rxd1 Kf8 25. h4 Ke7 26. Rb1 Bxe3 27. Nxe3 Rb8 28. Nc2 Nd5 29. Bxd5 exd5 30. Rxb4 Rxb4 31. Nxb4 Bxe2 32. Nxd5+ Kd6 33. Nc3 Bd3 34. f3 Kc5 35. Kf2 Kb4 36. Nd1 Bc2 37. Ke2 Bxd1+ 38. Kxd1 Kxa4 39. Kc2 Kb4 40. g4 Kc4 41. f4 Kd4 42. f5 g6 43. fxg6 fxg6 0-1

[Event "Ste-Foy 6 2024-25"]
[Site "Ste-Foy CAN"]
[Date "2025.07.07"]
[Round "3"]
[White "Page Fortin, Mathieu"]
[Black "Auger, Bertrand"]
[Result "1-0"]
[WhiteElo "1940"]
[BlackElo "1843"]
[WhiteFideId "-1"]
[WhiteFideId "-1"]
[PlyCount "93"]
[GameId "2203113608254569"]
[EventDate "2025.07.07"]
[EventType "swiss"]
[EventRounds "5"]
[EventCountry "CAN"]

1. b3 e5 2. Bb2 Nc6 3. e3 g6 4. Bb5 Nge7 5. f4 Bg7 6. Nf3 O-O 7. fxe5 d6 8. O-O Bg4 9. Be2 Nxe5 10. Nxe5 Bxe2 11. Qxe2 dxe5 12. Nc3 c6 13. Ba3 b5 14. Bc5 Qd7 15. a4 a6 16. Qf3 f5 17. e4 b4 18. Ne2 a5 19. Rad1 fxe4 20. Qxe4 Rxf1+ 21. Rxf1 Qd5 22. Qxd5+ Nxd5 23. Ng3 Nf6 24. Re1 Rd8 25. d3 Rd5 26. Bb6 Nd7 27. Bc7 Bf8 28. Nf1 Bc5+ 29. Ne3 Nf6 30. Kf1 Bxe3 31. Rxe3 Nd7 32. Re4 Kf7 33. Rc4 Nf6 34. Rxc6 e4 35. Rd6 Rf5+ 36. Ke1 exd3 37. Rxd3 Rc5 38. Bd8 Ne4 39. Re3 Ng5 40. Re7+ Kf8 41. Ra7 Re5+ 42. Kf2 Ne4+ 43. Kf3 Nd2+ 44. Kg3 h5 45. Bxa5 Re3+ 46. Kf2 Re4 47. Rb7 1-0

[Event "Ste-Foy 6 2024-25"]
[Site "Ste-Foy CAN"]
[Date "2025.07.07"]
[Round "3"]
[White "Sarra-Bournet, Marc"]
[Black "Genest, Jean-Philippe"]
[Result "0-1"]
[WhiteElo "1760"]
[BlackElo "1638"]
[WhiteFideId "-1"]
[WhiteFideId "-1"]
[PlyCount "60"]
[GameId "2203113608291435"]
[EventDate "2025.07.07"]
[EventType "swiss"]
[EventRounds "5"]
[EventCountry "CAN"]

1. e4 c6 2. d4 d5 3. Nc3 dxe4 4. Nxe4 Nf6 5. Nxf6+ exf6 6. Nf3 Bd6 7. Bd3 O-O 8. O-O Re8 9. h3 Nd7 10. c4 Nf8 11. Be3 Be6 12. Rc1 Qd7 13. Re1 Rad8 14. a3 b5 15. cxb5 cxb5 16. Nd2 Bd5 17. Nb3 Bb8 18. Nc5 Qd6 19. g3 Bc6 20. Qh5 g6 21. Qg4 Qd5 22. f3 h5 23. Ne4 Nd7 24. Qh4 f5 25. Nd2 a5 26. Bg5 Rc8 27. Be7 Ba7 28. Bf6 Rxe1+ 29. Rxe1 Nxf6 30. Qxf6 Bxd4+ 0-1

[Event "Ste-Foy 6 2024-25"]
[Site "Ste-Foy CAN"]
[Date "2025.07.07"]
[Round "3"]
[White "Sauve, Richard"]
[Black "Bourassa, Samuel"]
[Result "0-1"]
[WhiteElo "1860"]
[BlackElo "2011"]
[WhiteFideId "-1"]
[WhiteFideId "-1"]
[PlyCount "74"]
[GameId "2203113608115304"]
[EventDate "2025.07.07"]
[EventType "swiss"]
[EventRounds "5"]
[EventCountry "CAN"]

1. d4 f5 2. c4 Nf6 3. Nc3 e6 4. Nf3 d5 5. g3 c6 6. Bg2 Bd6 7. c5 Bc7 8. O-O Nbd7 9. Bf4 O-O 10. Bxc7 Qxc7 11. b4 e5 12. dxe5 Nxe5 13. Nxe5 Qxe5 14. Qc2 f4 15. a4 Qh5 16. Bf3 Ng4 17. Bxg4 Bxg4 18. f3 Bh3 19. Rf2 Qe5 20. g4 h5 21. gxh5 Rf5 22. Kh1 Rxh5 23. Rg1 Rh6 24. Nd1 Re8 25. Qc3 Qxc3 26. Nxc3 Re3 27. Rc1 Rhe6 28. b5 a6 29. b6 Kf7 30. Rc2 Kf6 31. Nd1 Ra3 32. Rc1 Rxa4 33. Nb2 Ra2 34. Nd3 g5 35. Nb4 Rb2 36. Nc2 a5 37. Nd4 Re3 0-1

[Event "Ste-Foy 6 2024-25"]
[Site "Ste-Foy CAN"]
[Date "2025.07.07"]
[Round "3"]
[White "Savard, Alexandre"]
[Black "Houde, Louis-Thomas"]
[Result "1-0"]
[WhiteElo "1756"]
[BlackElo "1421"]
[WhiteFideId "-1"]
[WhiteFideId "-1"]
[PlyCount "38"]
[GameId "2203113608299628"]
[EventDate "2025.07.07"]
[EventType "swiss"]
[EventRounds "5"]
[EventCountry "CAN"]

1. e4 c6 2. Nc3 d5 3. Nf3 Bg4 4. exd5 cxd5 5. Bb5+ Bd7 6. d4 Nf6 7. Bxd7+ Nbxd7 8. O-O e6 9. Bf4 Nh5 10. Bg5 f6 11. Bh4 Be7 12. Re1 Qb6 13. Qe2 Nf4 14. Qe3 e5 15. g3 Ng6 16. Nxd5 Qd6 17. Nxe7 Kxe7 18. dxe5 Ndxe5 19. Nxe5 Qxe5 1-0

[Event "Ste-Foy 6 2024-25"]
[Site "Ste-Foy CAN"]
[Date "2025.07.21"]
[Round "3"]
[White "Arias Vitela, Derek"]
[Black "Couture, Francois"]
[Result "1-0"]
[WhiteElo "1089"]
[BlackElo "1176"]
[WhiteFideId "-1"]
[WhiteFideId "-1"]
[PlyCount "85"]
[GameId "2203114636867591"]
[EventDate "2025.07.07"]
[EventType "swiss"]
[EventRounds "5"]
[EventCountry "CAN"]
[TimeControl "5400+30"]

1. d4 d5 2. Nf3 Nf6 3. e3 e6 4. Bd3 c5 5. c3 Nc6 6. Nbd2 Bd6 7. O-O O-O 8. e4 e5 9. exd5 Nxd5 10. Nc4 Re8 11. Nxd6 Qxd6 12. Re1 Bg4 13. Bxh7+ Kh8 14. Be4 Nf6 15. h3 Nxe4 16. Rxe4 Bf5 17. Ng5 Qg6 18. Rh4+ Kg8 19. Qb3 Re7 20. d5 Na5 21. Qb5 b6 22. b4 Bd3 23. Qa4 Nc4 24. bxc5 bxc5 25. Qd1 e4 26. f4 Nd6 27. Rg4 Qf6 28. Be3 Rc8 29. Qe1 Nf5 30. Rc1 Bc4 31. Rd1 Bd3 32. Qf2 Qd6 33. c4 Bxc4 34. Rh4 Nxh4 35. Qxh4 Qh6 36. Qg4 Rd8 37. d6 Be6 38. dxe7 Rxd1+ 39. Qxd1 g6 40. e8=Q+ Kg7 41. Qdd8 Qh4 42. Qg8+ Kh6 43. Qh8# 1-0

[Event "Ste-Foy 6 2024-25"]
[Site "Ste-Foy CAN"]
[Date "2025.07.21"]
[Round "3"]
[White "Cantin, Guillaume"]
[Black "Demers, Nathan"]
[Result "1/2-1/2"]
[WhiteElo "1246"]
[BlackElo "1596"]
[WhiteFideId "-1"]
[WhiteFideId "-1"]
[PlyCount "21"]
[GameId "2203114267453387"]
[EventDate "2025.07.07"]
[EventType "swiss"]
[EventRounds "5"]
[EventCountry "CAN"]
[TimeControl "5400+30"]

1. d4 d5 2. c4 e6 3. Nf3 Nf6 4. e3 c5 5. Nc3 Nc6 6. Bd3 Be7 7. O-O b6 8. b3 Bb7 9. Bb2 O-O 10. a3 dxc4 11. bxc4 1/2-1/2

[Event "Ste-Foy 6 2024-25"]
[Site "Ste-Foy CAN"]
[Date "2025.07.21"]
[Round "3"]
[White "Fridmann, Clement"]
[Black "Dube, Dominic"]
[Result "1-0"]
[WhiteElo "1437"]
[BlackElo "1742"]
[WhiteFideId "-1"]
[WhiteFideId "-1"]
[PlyCount "151"]
[GameId "2203114037589927"]
[EventDate "2025.07.07"]
[EventType "swiss"]
[EventRounds "5"]
[EventCountry "CAN"]
[TimeControl "5400+30"]

1. e4 c6 2. d4 d5 3. Nc3 dxe4 4. Nxe4 Bf5 5. Ng3 Bg6 6. Nf3 Nd7 7. Bd3 Bxd3 8. Qxd3 Ngf6 9. h3 e6 10. O-O Bd6 11. Re1 Bxg3 12. fxg3 Qb6 13. c4 O-O-O 14. Be3 Qb4 15. a3 Qf8 16. b4 h6 17. Qc2 g5 18. Qa4 Qd6 19. Ne5 Rh7 20. Qxa7 Ne8 21. Nxd7 Rxd7 22. Qa8+ Kc7 23. c5 Qe7 24. Qa5+ Kb8 25. b5 cxb5 26. Qxb5 Nc7 27. Qb2 Nd5 28. Rab1 Rc7 29. a4 f5 30. a5 Rc6 31. Bf2 f4 32. Qb3 Qc7 33. Re2 Rd7 34. Ra2 Ra6 35. Rba1 Kc8 36. Be1 Ne3 37. gxf4 gxf4 38. Bf2 Nf5 39. Qc3 Rg7 40. Re2 Qc6 41. Be1 f3 42. Rf2 fxg2 43. d5 Qc7 44. d6 Qd7 45. Rxg2 Rxg2+ 46. Kxg2 Qc6+ 47. Kh2 Kb8 48. Bf2 Qd5 49. Rg1 Rc6 50. Rg8+ Ka7 51. Rg4 e5 52. Qc2 Qf7 53. Qe4 Nxd6 54. Qg2 Nf5 55. Qf3 Kb8 56. Rb4 Qe6 57. a6 e4 58. Qf4+ Nd6 59. Rxb7+ Ka8 60. cxd6 Rxa6 61. Re7 Qxd6 62. Qxd6 Rxd6 63. Rxe4 Rg6 64. Rg4 Rf6 65. Kg3 Kb7 66. Be3 Re6 67. Bf4 Kc6 68. Rh4 Kd5 69. Rxh6 Re7 70. h4 Ke4 71. Rf6 Rg7+ 72. Bg5 Rd7 73. Kg4 Rb7 74. Kh5 Ke5 75. Kg6 Rb8 76. Bf4+ 1-0

[Event "Ste-Foy 6 2024-25"]
[Site "Ste-Foy CAN"]
[Date "2025.07.21"]
[Round "3"]
[White "Laurendeau, Alfred"]
[Black "Deschenes, Andre-Philippe"]
[Result "1-0"]
[WhiteElo "1500"]
[BlackElo "1145"]
[WhiteFideId "-1"]
[WhiteFideId "-1"]
[PlyCount "67"]
[GameId "2203114334840791"]
[EventDate "2025.07.07"]
[EventType "swiss"]
[EventRounds "5"]
[EventCountry "CAN"]
[TimeControl "5400+30"]

1. Nf3 e6 2. g3 d5 3. Bg2 Nf6 4. O-O Be7 5. c4 c6 6. b3 O-O 7. Bb2 Nbd7 8. cxd5 cxd5 9. a4 b6 10. Na3 Ba6 11. Re1 Rc8 12. d3 Bb4 13. Rf1 Qe7 14. Nc2 Bc3 15. Ba3 Qd8 16. Bxf8 Bxa1 17. Bxg7 Bc3 18. Bh6 Qc7 19. Qc1 Nh5 20. Qg5+ Ng7 21. Ncd4 Bxd4 22. Nxd4 Qe5 23. Nxe6 Qxg5 24. Nxg5 Nf5 25. Nxf7 Kxf7 26. Bf4 Bb7 27. e4 dxe4 28. dxe4 Nd4 29. Be3 Nxb3 30. Rd1 Ke6 31. Bh3+ Ke7 32. Rxd7+ Ke8 33. Rxb7 Rc1+ 34. Bxc1 1-0